Doing child and adolescent psychotherapy : Adapting psychodynamic treatment to contemporary practice

This readable guide for therapists and therapists-in-training lays out the theoretical essence and practical essentials of doing child and adolescent psychotherapy from the referral call to the last goodbye.

Bewaard in:
Bibliografische gegevens
Hoofdauteur: Bromfield, Richard
Formaat: Boek
Taal:Undetermined
Gepubliceerd in: Hoboken, N.J. John Wiley & Sons 2007
Onderwerpen:
Tags: Voeg label toe
Geen labels, Wees de eerste die dit record labelt!
Thư viện lưu trữ: Trung tâm Học liệu Trường Đại học Cần Thơ
LEADER 00922nam a2200229Ia 4500
001 CTU_164617
008 210402s9999 xx 000 0 und d
020 |c 62.99 
082 |a 618.92 
082 |b B868 
100 |a Bromfield, Richard 
245 0 |a Doing child and adolescent psychotherapy : 
245 0 |b Adapting psychodynamic treatment to contemporary practice 
245 0 |c Richard Bromfield 
260 |a Hoboken, N.J. 
260 |b John Wiley & Sons 
260 |c 2007 
520 |a This readable guide for therapists and therapists-in-training lays out the theoretical essence and practical essentials of doing child and adolescent psychotherapy from the referral call to the last goodbye. 
650 |a Child psychotherapy,Psychotherapy,Tâm lý trẻ em,Tâm lý trị liệu 
650 |x Methods,Phương pháp 
904 |i QHieu 
980 |a Trung tâm Học liệu Trường Đại học Cần Thơ